स्कूल-पुस्तकालय के विविध रूप / (Record no. 121950)

MARC details
000 -LEADER
fixed length control field 01090nam a22002777a 4500
003 - CONTROL NUMBER IDENTIFIER
control field dpl
005 - DATE AND TIME OF LATEST TRANSACTION
control field 20170124103222.0
008 - FIXED-LENGTH DATA ELEMENTS--GENERAL INFORMATION
fixed length control field 161127b xxu||||| |||| 00| 0 eng d
010 ## - LIBRARY OF CONGRESS CONTROL NUMBER
LC control number 438664
020 ## - INTERNATIONAL STANDARD BOOK NUMBER
Terms of availability 10.00
035 ## - SYSTEM CONTROL NUMBER
System control number 438664
037 ## - SOURCE OF ACQUISITION
Source of stock number/acquisition Cen Lib/Ret
040 ## - CATALOGING SOURCE
Original cataloging agency DPL
Language of cataloging EN
Transcribing agency tit
082 ## - DEWEY DECIMAL CLASSIFICATION NUMBER
Classification number 027.8
Item number फ़ार्गोए
100 ## - MAIN ENTRY--PERSONAL NAME
Personal name फ़ार्गो, लूसिले एफ.
9 (RLIN) 117046
245 ## - TITLE STATEMENT
Title स्कूल-पुस्तकालय के विविध रूप /
Statement of responsibility, etc लूसिले एफ. फ़ार्गो
246 ## - VARYING FORM OF TITLE
Title proper/short title School pustakalya ke vividh roop /
Remainder of title Lucile F. Fargo
260 ## - PUBLICATION, DISTRIBUTION, ETC. (IMPRINT)
Place of publication, distribution, etc दिल्ली
Name of publisher, distributor, etc आत्मा राम एंड संस
Date of publication, distribution, etc 1966
270 ## - ADDRESS
City दिल्ली
Address कश्मीरी गेट
300 ## - PHYSICAL DESCRIPTION
Extent 403p.
Dimensions 22cm(pbk)
500 ## - GENERAL NOTE
General note Includes appendix and index
650 ## - SUBJECT ADDED ENTRY--TOPICAL TERM
Topical term or geographic name as entry element Library Science
9 (RLIN) 117047
650 ## - SUBJECT ADDED ENTRY--TOPICAL TERM
Topical term or geographic name as entry element Library management
9 (RLIN) 117048
700 ## - ADDED ENTRY--PERSONAL NAME
Personal name त्रिपाठी, सशिप्रभा
9 (RLIN) 117049
942 ## - ADDED ENTRY ELEMENTS (KOHA)
Source of classification or shelving scheme Dewey Decimal Classification
Koha item type Hindi Books
Classification part 027.8
Call number suffix फ़ार्गोए
Holdings
Withdrawn status Lost status Source of classification or shelving scheme Damaged status Not for loan Collection code Home library Current library Date acquired Source of acquisition Cost, normal purchase price Total Checkouts Full call number Barcode Date last seen Copy number Cost, replacement price Price effective from Koha item type
    Dewey Decimal Classification   Not For Loan Reference Central Library Central Library 02/01/2016 Cen Lib/Ret 10.00   027.8 फ़ार्गोए 438664 02/01/2016 1 10.00 02/01/2016 Hindi Books

© Delhi Public Library
Hit Counter
free hit counter